<?xml version="1.0" encoding="UTF-8"?>
<collection xmlns:xsi="http://www.w3.org/2001/XMLSchema-instance" xsi:schemaLocation="http://www.loc.gov/MARC21/slim http://www.loc.gov/standards/marcxml/schema/MARC21slim.xsd" xmlns="http://www.loc.gov/MARC21/slim">
 <record>
  <leader>00000ctm a22000003a 4500</leader>
  <controlfield tag="001">UP-8027390931316213535</controlfield>
  <controlfield tag="003">Buklod</controlfield>
  <controlfield tag="005">20101215144010.0</controlfield>
  <controlfield tag="006">a     r    |||| u|</controlfield>
  <controlfield tag="007">ta</controlfield>
  <controlfield tag="008">101215s        xx     d     r    |||| u|</controlfield>
  <datafield tag="035" ind1=" " ind2=" ">
   <subfield code="a">(iLib)UPMIN-00005372444</subfield>
  </datafield>
  <datafield tag="040" ind1=" " ind2=" ">
   <subfield code="a">upmin</subfield>
  </datafield>
  <datafield tag="041" ind1=" " ind2=" ">
   <subfield code="a">eng</subfield>
  </datafield>
  <datafield tag="090" ind1=" " ind2=" ">
   <subfield code="a">LG 993.5 2010 A3</subfield>
   <subfield code="b">K55</subfield>
  </datafield>
  <datafield tag="100" ind1="1" ind2=" ">
   <subfield code="a">Kimura, Naomi Rose A.</subfield>
   <subfield code="e">author.</subfield>
  </datafield>
  <datafield tag="245" ind1="1" ind2="0">
   <subfield code="a">Assessment on goat farming in Davao Region utilizing technical efficiency and industry analysis</subfield>
   <subfield code="c">Naomi Rose A. Kimura ; Sylvia B. Concepcion, adviser.</subfield>
  </datafield>
  <datafield tag="300" ind1=" " ind2=" ">
   <subfield code="a">vii, 62 leaves</subfield>
   <subfield code="b">illustrations</subfield>
  </datafield>
  <datafield tag="502" ind1=" " ind2=" ">
   <subfield code="a">Thesis, Undergraduate (BS Agribusiness Economics)--University of the Philippines, Mindanao</subfield>
  </datafield>
  <datafield tag="520" ind1=" " ind2=" ">
   <subfield code="a">Goat farming in Davao Region is just a small portion of the goat industry in the Philippines. This study was conducted to determine the potential of goats using technical efficiency and industry analyses. More specifically, the study tends to determine the key players of the industry, identify the issues and problems within the production, identify the factors and their relationships that affect its production, and to device strategies and recommendations to improve the industry. Data gathered were both primary and secondary. Methods used were Data Envelopment Analysis, Cobb-Douglas Production Function, and Industry Analysis. According to the results, three out of the eleven farms were said to be efficient in live goat production. On the other hand, seven farms were said to be efficient in live goat production. On the other hand, seven farms were said to be efficient in milk production. However, in live goat production aspect, only two factors are significant , which is the number of goats and the farm size. Conversely, there were no significant variables in the milk aspect. Some of the possible factors that can affect production are the climate, government intervention, and the breeds. Issues have been determined and addressed. These include internal and external factors that can affect goat production. The paper also incorporated some strategies to improve the industry as well as the study.</subfield>
  </datafield>
  <datafield tag="650" ind1=" " ind2="0">
   <subfield code="a">Goat industry.</subfield>
  </datafield>
  <datafield tag="700" ind1="1" ind2=" ">
   <subfield code="a">Concepcion, Sylvia B.</subfield>
   <subfield code="e">adviser.</subfield>
  </datafield>
  <datafield tag="905" ind1=" " ind2=" ">
   <subfield code="a">FI</subfield>
  </datafield>
  <datafield tag="905" ind1=" " ind2=" ">
   <subfield code="a">UP</subfield>
  </datafield>
  <datafield tag="852" ind1="0" ind2=" ">
   <subfield code="a">UPMIN</subfield>
   <subfield code="b">UPMIN-MAIN</subfield>
   <subfield code="h">LG993.5 2010 A3 K55</subfield>
  </datafield>
  <datafield tag="942" ind1=" " ind2=" ">
   <subfield code="a">Thesis</subfield>
  </datafield>
 </record>
</collection>
